000 00583 a2200193 4500
001 63076
005 20260407155926.0
008 260407a1973 arg spa d
003 AR-UNSa-BCEJYS
040 _aAR-UNSa-BCEJYS
_bspa
_cAR-UNSa-BCEJYS
080 _a339.5
_xComercio exterior. Comercio Internacional
245 1 0 _aEl comercio entre Oriente y Occidente
_pLa lección de la experiencia
264 1 _aBuenos Aires :
_bPaidós
_c1973
300 _a74 p.
_c22 cm.
041 _aspa
942 _cBK
590 _aniveau_biblio:m niveau_hierar:0
100 1 _aBasche, James R. (h.)
999 _c7976
_d7976